Podnikateľské prostredie na Kanárskych ostrovoch
Kanárske ostrovy - autonómna oblasť Španielska a uzol medzinárodného obchodovania. Poľnohospodárstvo a cestovný ruch ako hlavné zdroje príjmov do štátneho rozpočtu. Podmienky podnikania v špeciálnej ekonomickej zóne. Daňové výhody.
Gespeichert in:
| 1. Verfasser: | |
|---|---|
| Format: | Buchkapitel |
| Sprache: | Slowakisch |
| Schlagworte: | |
| Tags: |
Keine Tags, Fügen Sie das erste Tag hinzu!
|
MARC
| LEADER | 00000naa$a2200000$$$4500 | ||
|---|---|---|---|
| 001 | 0155132 | ||
| 005 | 20240502072728.7 | ||
| 041 | 0 | |a slo | |
| 044 | |a SK | ||
| 245 | 1 | 0 | |a Podnikateľské prostredie na Kanárskych ostrovoch |c Alexandra Piačková |
| 520 | |a Kanárske ostrovy - autonómna oblasť Španielska a uzol medzinárodného obchodovania. Poľnohospodárstvo a cestovný ruch ako hlavné zdroje príjmov do štátneho rozpočtu. Podmienky podnikania v špeciálnej ekonomickej zóne. Daňové výhody. | ||
| 610 | 2 | 0 | |a podnikanie |
| 610 | 2 | 0 | |a podnikatelia |
| 610 | 2 | 0 | |a prostredie podnikateľské |
| 610 | 2 | 0 | |a dane |
| 610 | 2 | 0 | |a zvýhodnenie daňové |
| 610 | 2 | 0 | |a Španielsko |
| 100 | 1 | |a Piačková, Alexandra | |